000
00292nam a22001337a 4500
008
170426b xxu||||| |||| 00| 0 eng d
020
_a
9780131871519
041
_a
eng
080
_2
6 ED
_a
547
100
_a
12
101
_a
SHM
245
_a
ORGANIC CHEMISTRY
_c
WADE.L.G
942
_2
udc
_c
BK
999
_c
12091
_d
12091